| Tag |
First Indicator |
Second Indicator |
Subfields |
| LEADER |
00000cam a2200000 4500 |
| 001 |
in00000334721 |
| 005 |
20151011052626.0 |
| 008 |
750212s1907 ohuc 00110 eng u |
| 035 |
|
|
|a (OCoLC)01168548
|
| 035 |
|
|
|9 ABL4333AM
|
| 040 |
|
|
|c MIA
|d TXA
|d UtOrBLW
|
| 049 |
|
|
|a TXAM
|c [1029271]
|
| 090 |
|
|
|a E234
|b .C54 1907
|
| 100 |
1 |
|
|a Clark, George Rogers,
|d 1752-1818.
|
| 245 |
1 |
0 |
|a Col. George Rogers Clark's sketch of his campaign in the Illinois in 1778-79 /
|c with an introduction by Hon. Henry Pirtle, of Louisville, and an appendix containing the public and private instructions to Col. Clark, and Major Bowman's journal of the taking of Post St. Vincents.
|
| 264 |
|
1 |
|a Cincinnati :
|b R. Clarke,
|c 1907.
|
| 300 |
|
|
|a 101 pages ;
|c 23 cm.
|
| 336 |
|
|
|a text
|b txt
|2 rdacontent
|
| 337 |
|
|
|a unmediated
|b n
|2 rdamedia
|
| 338 |
|
|
|a volume
|b nc
|2 rdacarrier
|
| 490 |
1 |
|
|a Ohio Valley historical series ;
|v no. 3
|
| 611 |
2 |
0 |
|a Clark's Expedition to the Illinois
|d (1778-1779)
|
| 651 |
|
0 |
|a Vincennes (Ind.)
|x History
|y Revolution, 1775-1783.
|
| 700 |
1 |
|
|a Bowman, Joseph,
|d 1752-1782.
|
| 830 |
|
0 |
|a Ohio Valley historical series ;
|v no. 3.
|
| 999 |
|
|
|a MARS
|
| 999 |
f |
f |
|s 6b954dbb-0a45-3b63-9e98-57c6f9b3b13e
|i d5b1fcb2-1e29-3b2d-a0f3-8a7b7862f4b0
|t 0
|
| 952 |
f |
f |
|p ric
|a Texas A&M University
|b Rellis Campus
|c Joint Library Facility
|d Remote Storage
|t 0
|e E234 .C54 1907
|h Library of Congress classification
|i unmediated -- volume
|m A14802201756
|
| 998 |
f |
f |
|a E234 .C54 1907
|t 0
|l Remote Storage
|